| 000 | 00876nam a2200229 a 4500 | ||
|---|---|---|---|
| 001 | 000228644 | ||
| 003 | AM-YEHGA | ||
| 005 | 20250618071545.0 | ||
| 008 | 030526s1944 ai |||||r|||||||||0|arm|d | ||
| 040 | _aAM-YeHGA | ||
| 041 | 0 | _aarm | |
| 100 | 1 |
_aՂանալանյան, Արամ Տիգրանի, _d1909-1983 _91591 |
|
| 245 | 1 | 0 |
_aՖրիկ : _b[Միջնադարյան հայ բանաստեղծի մասին] / _cԱ. Ղանալանյան ; Պատ. խմբ.՝ Էդ. Թոփչյան. |
| 260 |
_aԵրևան : _bԱ.հ., _c1944. |
||
| 300 |
_a43 էջ ; _c15 սմ. |
||
| 440 | 0 | _aՀայկական կուլտուրայի ականավոր գործիչները | |
| 600 | 1 | 4 |
_aՖրիկ, _d1230-1310 _93999 |
| 650 | 1 | 4 | _aԳրականագիտություն |
| 700 | 1 |
_aԹոփչյան, Էդուարդ Ստեփանի, _d1911-1975 _eխմբ. _4edt _91090 |
|
| 942 |
_2udc _cBK |
||
| 090 | _c81778 | ||
| 999 |
_c80510 _d80510 |
||